ბათუმის შოთა რუსთაველის სახელმწიფო უნივერსიტეტის ბიბლიოთეკა

საჯარო ფინანსები : (ბიბ.ჩანაწერი № 34616)

000 -ლიდერი
ფიქსირებული სიგრძის საკონტროლო ველი 01313nam a2200289Ia 4500
001 - საკონტროლო ნომერი
საკონტროლო ველი 378
003 - საკონტროლო ნომრის იდენტიფიკატორი
საკონტროლო ველი GE_BSU
005 - ბოლო ოპერაციის თარიღი და დრო
საკონტროლო ველი 20230915161113.0
008 - ფიქსირებული სიგრძის მონაცემთა ელემენტები - ზოგადი ინფორმაცია
ფიქსირებული სიგრძის საკონტროლო ველი 181216s2010||||ge |||||||||||||| ||geo||
020 ## - წიგნის საერთაშორისო სტანდარტული ნომერი
International Standard Book Number 9789941018374
040 ## - კატალოგიზაციის წყარო
Transcribing agency GE_BSU
041 ## - ენის კოდი
Language code of text/sound track or separate title geo
080 ## - უნივერსალური ათობითი კლასიფიკაციის ინდექსი
Universal Decimal Classification number 336(075.8) კ-17
100 ## - მთავარი ჩანაწერი - პიროვნების სახელი
Personal name კაკულია, რევაზ
9 (RLIN) 751
245 ## - ცნობა სათაურის შესახებ
Title საჯარო ფინანსები :
Remainder of title სახელმძღვანელო /
Statement of responsibility, etc რევაზ კაკულია, ლელა ბახტაძე, ამირან ჯიბუტი; [რედ. ელგუჯა მექვაბიშვილი].
264 ## - წარმოების, გამოცემის, დისტრიბუციის და სხვა ცნობები
გამოცემის, წარმოების, დისტრიბუციის... ადგილი თბილისი,
გამოცემის, წარმოების, დისტრიბუციის... თარიღი 2010.
300 ## - ფიზიკური აღწერა
Extent 417 გვ.;
Other physical details სქ. ;
Dimensions 19 სმ.
504 ## - BIBLIOGRAPHY, ETC. NOTE
Bibliography, etc ბიბლიოგრ.: გვ. 412-413.
653 ## - INDEX TERM--UNCONTROLLED
Uncontrolled term საჯარო ფინანსები
653 ## - INDEX TERM--UNCONTROLLED
Uncontrolled term სახელმწიფო ბიუჯეტი
700 ## - ADDED ENTRY--PERSONAL NAME
Personal name ბახტაძე, ლელა
9 (RLIN) 6735
700 ## - ADDED ENTRY--PERSONAL NAME
Personal name ჯიბუტი, ამირან
Relator term ავტორი
9 (RLIN) 911
700 ## - ADDED ENTRY--PERSONAL NAME
Personal name მექვაბიშვილი, ელგუჯა
9 (RLIN) 6736
700 ## - ADDED ENTRY--PERSONAL NAME
Personal name დარბუაშვილი, ნ.
9 (RLIN) 6737
700 ## - ADDED ENTRY--PERSONAL NAME
Personal name ხუნდაძე, ა.
Relator term რედაქტორი
9 (RLIN) 6738
942 ## - ADDED ENTRY ELEMENTS (KOHA)
Koha item type წიგნი
Source of classification or shelving scheme
ეგზემპლარები
ჩამოწერის სტატუსი დაკარგული ეგზემპლარის სტატუსი კლასიფიკაციის წყარო ან თაროზე გაწყობის სქემა დაზიანების სტატუსი არ გაიცემა მუდმივი მდებარეობა (დაცვის ადგილი) ამჟამინდელი ადგილსამყოფელი თაროზე განთავსების ადგილი შეძენის თარიღი ღირებულება, შესყიდვის ნორმალური ფასი სრული შენახვის შიფრი შტრიხკოდი ბოლო ოპერაციის თარიღი ეგზემპლარის მიმდევრობითი ნომერი (კეტერი?) ფასის ძალაში შესვლის თარიღი ეგზემპლარის სახეობა საჯარო შენიშვნა
          ბათუმის შოთა რუსთაველის სახელმწიფო უნივერსიტეტის მთავარი ბიბლიოთეკა ბათუმის შოთა რუსთაველის სახელმწიფო უნივერსიტეტის მთავარი ბიბლიოთეკა წიგნსაცავი 2018-12-17 20.00 336(075.8) კ-17 568 2018-12-17 568 2018-12-17 წიგნი 20 ლ.
          ბათუმის შოთა რუსთაველის სახელმწიფო უნივერსიტეტის მთავარი ბიბლიოთეკა ბათუმის შოთა რუსთაველის სახელმწიფო უნივერსიტეტის მთავარი ბიბლიოთეკა წიგნსაცავი 2018-12-17 20.00 336(075.8) კ-17 569 2018-12-17 569 2018-12-17 წიგნი 20 ლ.